Causalité et nécessité matérielle : Reinach lecteur de Hume (notice n° 1648567)
[ vue normale ]
| 000 -LEADER | |
|---|---|
| fixed length control field | 01487cam a2200169 4500500 |
| 005 - DATE AND TIME OF LATEST TRANSACTION | |
| control field | 20260208003713.0 |
| 041 ## - LANGUAGE CODE | |
| Language code of text/sound track or separate title | fre |
| 042 ## - AUTHENTICATION CODE | |
| Authentication code | dc |
| 100 10 - MAIN ENTRY--PERSONAL NAME | |
| Personal name | de Calan, Ronan |
| Relator term | author |
| 245 00 - TITLE STATEMENT | |
| Title | Causalité et nécessité matérielle : Reinach lecteur de Hume |
| 260 ## - PUBLICATION, DISTRIBUTION, ETC. | |
| Date of publication, distribution, etc. | 2005.<br/> |
| 500 ## - GENERAL NOTE | |
| General note | 82 |
| 520 ## - SUMMARY, ETC. | |
| Summary, etc. | La phénoménologie réaliste de Reinach ne se limite pas à une doctrine originale des états de choses et des relations d’essences. Elle procède également, en contrepoint, à une analyse de la relation de causalité dont la phénoménologie transcendantale ne fournit aucun équivalent. Cette analyse, qui met en avant la notion de nécessité matérielle, se déploie à partir d’une relecture critique de Hume, le plus grand représentant moderne de la crise de la causalité. |
| 520 ## - SUMMARY, ETC. | |
| Summary, etc. | Reinach’s realistic phenomenology doesn’t limit itself to being an original theory of states of affair and relations of essences. On the counterpart, it is leading an analysis of the relation of causality, of which transcendantal phenomenology doesn’t provide any comparable instance. This analysis highlights the notion of material necessity, which is producted upon a critical reading of Humes Treatise, modernity’s biggest representant of causality crisis. |
| 786 0# - DATA SOURCE ENTRY | |
| Note | Les Études philosophiques | 72 | 1 | 2005-03-01 | p. 39-54 | 0014-2166 |
| 856 41 - ELECTRONIC LOCATION AND ACCESS | |
| Uniform Resource Identifier | <a href="https://shs.cairn.info/revue-les-etudes-philosophiques-2005-1-page-39?lang=fr&redirect-ssocas=7080">https://shs.cairn.info/revue-les-etudes-philosophiques-2005-1-page-39?lang=fr&redirect-ssocas=7080</a> |
Pas d'exemplaire disponible.




Réseaux sociaux